Teoría de Castilla la Nueva: la dualidad castellana en los orígenes del español
Збережено в:
| Автор: | |
|---|---|
| Формат: | Книга |
| Мова: | Іспанська |
| Опубліковано: |
Madrid
Gredos
1960
|
| Серія: | Biblioteca Románica Hipánica II. Estudios y Ensayos
|
| Предмети: | |
| Теги: |
Додати тег
Немає тегів, Будьте першим, хто поставить тег для цього запису!
|
MARC
| LEADER | 00000nam a2200000 a 4500 | ||
|---|---|---|---|
| 001 | UCI0286 | ||
| 003 | CL-VaPUC | ||
| 008 | 070504e19600000SP |||||||||||||||||spa|d | ||
| 082 | 0 | 4 | |a 860.9 |b CRI |2 21 |
| 100 | 0 | |a Criado de Val, Manuel |e author |9 520438 | |
| 245 | 1 | 0 | |a Teoría de Castilla la Nueva: la dualidad castellana en los orígenes del español |
| 300 | |a 382 p | ||
| 942 | |c BK | ||
| 945 | |d 20070504 00:00:00 |a jtorresc | ||
| 260 | |a Madrid |b Gredos |c 1960 | ||
| 650 | 0 | |a Literatura española |9 306261 | |
| 650 | 7 | |a HISTORIA CRITICA |2 CL-VaPUC |9 436999 | |
| 650 | 0 | |a Civilización |9 255823 | |
| 651 | 7 | |a CASTILLA LA NUEVA |2 CL-VaPUC |9 520439 | |
| 583 | |a last modification |c 20130304 04:52:56 |k Rodrigo Vera | ||
| 490 | 0 | |a Biblioteca Románica Hipánica II. Estudios y Ensayos | |
| 999 | |c 325523 |d 325521 | ||
| 952 | |0 0 |1 0 |4 0 |6 860_900000000000000_CRI_1960 |7 0 |8 A |9 406506 |a FDOPOS |b FDOPOS |d 2019-11-22 |i 427198K |o 860.9 CRI 1960 |p 427198K |r 2025-01-22 |w 2019-11-22 |y BK |k MLA | ||